Holiday TV Quiz Stats

 Plays Quiz not verified by Sporcle

Challenge
Share
Tweet
Embed
Score 0/15 Timer 03:00
0 Plays Today
% Correct
Golden Girls
73%
The Big Bang Theory
72.3%
Friends
70.2%
How I Met Your Mother
61%
Seinfeld
59.6%
Full House
58.9%
Roseanne
58.2%
Everybody Loves Raymond
57.4%
% Correct
Modern Family
56.7%
Home Improvement
55.3%
Growing Pains
47.5%
Family Ties
44%
Malcolm in the Middle
42.6%
King of Queens
39.7%
Frasier
32.6%

You're not logged in!

Compare scores with friends on all Sporcle quizzes.
OR
Log In

You Might Also Like...

Show Comments

Extras

Top Quizzes Today


Score Distribution

Your Account Isn't Verified!

In order to create a playlist on Sporcle, you need to verify the email address you used during registration. Go to your Sporcle Settings to finish the process.

Report this User

Report this user for behavior that violates our Community Guidelines.

Details: